Centralizovaná správa softvérových balíkov

Saved in:
Bibliographic Details
Main Author: Záhradník, Michal (Author)
Other Authors: Balažia, Ján (Thesis advisor)
Format: Manuscript Book
Language:Slovak
Published: 2021
Subjects:
Online Access:http://is.stuba.sk/zp/portal_zp.pl?podrobnosti=157382
Tags: Add Tag
No Tags, Be the first to tag this record!

MARC

LEADER 00000ntm a22000003a 4500
001 stuzp85731
003 SK-STU
005 20210619212209.2
007 ta
008 150427s2015----xo-----f-mn---000-0-slo-d
040 |a STU  |b slo 
041 0 |a slo 
100 1 |a Záhradník, Michal  |u 070400  |4 aut  |U FIIT Fakulta informatiky a informačných technológií  |T FIIT Ústav počítačového inžinierstva a aplikovanej informatiky  |X 79816  |U I400  |Y 672  |7 79816 
242 0 1 |a Centralized management of software packages  |y eng 
245 1 0 |a Centralizovaná správa softvérových balíkov 
260 |c 2021 
650 4 |a správa systémov  |2 slo 
650 4 |a C#  |2 slo 
650 4 |a FreeBSD  |2 slo 
650 4 |a aktualizovanie  |2 slo 
650 4 |a .NET  |2 slo 
650 4 |a FreeBSD  |2 eng 
650 4 |a system management  |2 eng 
650 4 |a updating  |2 eng 
650 4 |a .NET  |2 eng 
650 4 |a C#  |2 eng 
700 1 |a Balažia, Ján  |u 070400  |k Z1  |4 ths  |U FIIT Fakulta informatiky a informačných technológií  |T FIIT Ústav počítačového inžinierstva a aplikovanej informatiky  |X 17538  |U I400  |Y 672  |7 17538 
856 4 |u http://is.stuba.sk/zp/portal_zp.pl?podrobnosti=157382